000
00335 a2200157 4500
001
178452
020
_a
040
_c
Magnum
100
_a
Abritta, Conceicao Parrriras.
240
1
0
_a
O bau
_l
por
245
1
0
_a
O bau
362
0
_a
1899
440
1
_a
Armazém de Idéias
697
_a
MAGNITO: IJ/AVENTURA, CRIANCAS
942
_c
BK
999
_c
178452
_d
178452